| 000 | 00000nam 2200000zi 4500 |
| 001 | 9.943050 |
| 003 | CaOODSP |
| 005 | 20241104142800 |
| 006 | m o d f |
| 007 | cr |n||||||||| |
| 008 | 240910t19761977onca ob f000 0 fre d |
| 020 | |z0660006243 |
| 040 | |aCaOODSP|bfre|erda|cCaOODSP |
| 043 | |an-cn--- |
| 086 | 1 |aZ1-1975/1-41-14F-PDF|zZ1-1975/1-41-14F |
| 100 | 1 |aAllaire, Yvan, |eauteur. |
| 245 | 10|aIBM Canada ltée : |bune étude de cas / |cYvan Allaire, Roger-Émile Miller et Marcel Côté. |
| 264 | 1|a[Ottawa] : |bApprovisionnements et services Canada, |cdécembre 1976. |
| 264 | 4|c©1977 |
| 300 | |a1 ressource en ligne (xii, 211 pages) : |billustrations. |
| 336 | |atexte|btxt|2rdacontent/fre |
| 337 | |ainformatique|bc|2rdamedia/fre |
| 338 | |aressource en ligne|bcr|2rdacarrier/fre |
| 490 | 1 |aÉtude - Commission royale d'enquête sur les groupements de sociétés ; |vno. 14 |
| 500 | |aPublié aussi en anglais sous le titre : IBM Canada Ltd. : a case study. |
| 500 | |aÉdition numérisée de l'imprimée [par Direction des publications du Gouvernement du Canada]. |
| 504 | |aComprend des références bibliographiques (page 207-211). |
| 610 | 26|aIBM Canada. |
| 650 | 6|aConcentration d'entreprises|zCanada|vÉtude de cas. |
| 710 | 1 |aCanada. |bCommission royale d'enquête sur les groupements de sociétés, |eorganisme de publication. |
| 775 | 08|tIBM Canada Ltd. : |w(CaOODSP)9.894312 |
| 830 | #0|aÉtude / Commission royale d'enquête sur les groupements de sociétés ;|vno. 14. |w(CaOODSP)9.942876 |
| 856 | 40|qPDF|s15507 Ko|uhttps://publications.gc.ca/collections/collection_2024/bcp-pco/Z1-1975-1-41-14-fra.pdf |